Нефтехимия и нефтепереработка. Процессы, технологии, интеграция: пер. с англ.

Bibliografske podrobnosti
Glavni avtor: Чаудури У. Р. Утам Р.
Izvleček:Рассмотрены основные процессы нефтепереработки и нефтехимии, современные технологические схемы и оборудование, средства управления процессами. В отдельных главах приведены сведения об объектах общезаводского хозяйства, даны расчеты теплообменного оборудования и трубчатых печей, балансов отдельных процессов. Подробно описаны средства измерения и системы управления на НПЗ, уделено внимание их аппаратурному обеспечению, схемам, программам. Наличие конкретных примеров, задач с решениями и контрольных вопросов позволяет использовать книгу в качестве учебного пособия для подготовки специалистов профильных производств. Издание предназначено для инженерно-технических работников предприятий нефтепереработки и нефтехимии, проектировщиков.
Jezik:ruščina
Izdano: Санкт-Петербург, Профессия, 2014
Teme:
Format: MixedMaterials Knjiga
KOHA link:https://koha.lib.tpu.ru/cgi-bin/koha/opac-detail.pl?biblionumber=268080

MARC

LEADER 00000nam0a2200000 4500
001 268080
005 20231031223952.0
010 |a 9785918840610 
035 |a (RuTPU)RU\TPU\book\291207 
090 |a 268080 
100 |a 20140826d2014 km y0rusy50 ca 
101 1 |a rus  |c eng 
102 |a RU 
105 |a a z 000zy 
200 1 |a Нефтехимия и нефтепереработка. Процессы, технологии, интеграция  |e пер. с англ.  |f У. Р. Чаудури 
210 |a Санкт-Петербург  |c Профессия  |d 2014 
215 |a 425 с.  |c ил. 
330 |a Рассмотрены основные процессы нефтепереработки и нефтехимии, современные технологические схемы и оборудование, средства управления процессами. В отдельных главах приведены сведения об объектах общезаводского хозяйства, даны расчеты теплообменного оборудования и трубчатых печей, балансов отдельных процессов. Подробно описаны средства измерения и системы управления на НПЗ, уделено внимание их аппаратурному обеспечению, схемам, программам. Наличие конкретных примеров, задач с решениями и контрольных вопросов позволяет использовать книгу в качестве учебного пособия для подготовки специалистов профильных производств. Издание предназначено для инженерно-технических работников предприятий нефтепереработки и нефтехимии, проектировщиков. 
606 1 |a Нефть  |x Химия  |2 stltpush  |3 (RuTPU)RU\TPU\subj\33709 
610 1 |a состав 
610 1 |a физические свойства 
610 1 |a нефтепродукты 
610 1 |a испытание 
610 1 |a автомобильное топливо 
610 1 |a авиационное топливо 
610 1 |a печное топливо 
610 1 |a смазочные масла 
610 1 |a переработка 
610 1 |a пластичные смазки 
610 1 |a нефтехимические продукты 
610 1 |a материальный баланс 
610 1 |a теплообменники 
610 1 |a трубчатые печи 
610 1 |a перегонка 
610 1 |a отпарка 
610 1 |a экстракция 
610 1 |a реакторы 
610 1 |a расчеты 
610 1 |a трубопроводный транспорт 
610 1 |a нефтеперерабатывающие заводы 
610 1 |a измерение 
610 1 |a измерительная аппаратура 
610 1 |a управление 
610 1 |a экономика 
610 1 |a охрана труда 
675 |a 665.6  |v 3 
700 1 |a Чаудури  |b У. Р.  |g Утам Р. 
801 1 |a RU  |b 63413507  |c 20140826 
801 2 |a RU  |b 63413507  |c 20151015  |g RCR 
900 |a Технология переработки нефти, природного и попутного газов 
900 |a Переработка нефти и газа 
900 |a Нефтехимия 
900 |a Разведочное бурение 
900 |a Разработка нефтяных месторождений 
942 |c BK 
959 |a 118/20140704  |d 5  |e 3200,00  |f ЧЗТЛ:1  |f АНЛ:1  |f УФ:3 
959 |a 57/20150422  |d 2  |e 3200,00  |f УФ:2